00883cam a2200265 a 4500001001000000003000900010005001700019007001000036008004100046040002200087082001800109100003700127245006300164260005200227300001900279650002400298650002700322650002600349930003300375942001200408945003600420952010600456956004000562999001500602000006156DO-SdBNP20170925124621.0000006156720516s 20uu ck 000 0 spa  aBPMSUcspadBPMSU 4aRD861.2bU75p1 aUreña de Henríquez, Salomé10aSalomé :bPoesías /cSalomé Ureña de Henríquez  aSanto Domingo: bMinisterio de Cultura c[200?] a9 p. ;c21 cm. 4aPOESÍA DOMINICANA 4aLITERATURA DOMINICANA 4aLITERARURA DOMINICANA 1lBND01mLF1820090826f02pCT 2ddccBK aTitulo remanejado para la BNPHU 00102ddc4070aBPMETbBPMETd2015-05-07l0oRD861.2 U75ppBPMSU15051582r2015-05-07w2015-05-07yBK aVMATEOb10c20150507lBMSU02h00151 c7812d7812